000 00604nam a2200193Ia 4500
005 20260114185832.0
008 008 260114s9999 xx 000 0 eng d
020 _a9780755621491
037 _aEBOOK
040 _aCRL
_beng
_cCRL
041 _aeng
_2eng
084 _qCRL
100 _aSue Malvern and Gabriel Koureas
_9874980
245 0 _aTerrorist Transgressions Gender and the Visual Culture of the Terrorist
260 _bBloomsbury
_c2013
856 _uhttps://doi.org/10.5040/9780755621491?locatt=label:secondary_bloomsburyCollections
942 _cEBOOK
999 _c1473914
_d1473914